000 00574nam a2200169Ia 4500
008 090711s9999 xx 000 0 und d
082 _b55526
100 _aमहाजन श. दा.
245 _aSाुंबक िSाकित्सा Sामत्कार
260 _c1982
300 _a20
600 _aमहाजन श. दा.
630 _aSाुंबक िSाकित्सा Sामत्कार
700 _aमहाजन श. दा.
730 _aSाुंबक िSाकित्सा Sामत्कार
942 _cBOOK
999 _c312006
_d312006